Countries with Lynx - Statistics

General Stats
  • This quiz has been taken 12 times
  • The average score is 37 of 44
Answer Stats
Hint Answer % Correct
Lynx lynx Linnaeus: Eurasian lynx France
100%
Lynx lynx Linnaeus: Eurasian lynx Armenia
90%
Lynx lynx Linnaeus: Eurasian lynx Azerbaijan
90%
Lynx lynx Linnaeus: Eurasian lynx Belarus
90%
Lynx rufus: BobcatLynx canadensis Kerr: Canadian lynx Canada
90%
Lynx lynx Linnaeus: Eurasian lynx China
90%
Lynx lynx Linnaeus: Eurasian lynx Czechia
90%
Lynx lynx Linnaeus: Eurasian lynx Estonia
90%
Lynx lynx Linnaeus: Eurasian lynx Georgia
90%
Lynx lynx Linnaeus: Eurasian lynx Germany
90%
Lynx lynx Linnaeus: Eurasian lynx Hungary
90%
Lynx lynx Linnaeus: Eurasian lynx Latvia
90%
Lynx lynx Linnaeus: Eurasian lynx Lithuania
90%
Lynx lynx Linnaeus: Eurasian lynx Mongolia
90%
Lynx lynx Linnaeus: Eurasian lynx North Korea
90%
Lynx lynx Linnaeus: Eurasian lynx Poland
90%
Lynx lynx Linnaeus: Eurasian lynx Russia
90%
Lynx lynx Linnaeus: Eurasian lynx Slovakia
90%
Lynx lynx Linnaeus: Eurasian lynx Slovenia
90%
Lynx pardinus: Iberian lynx Spain
90%
Lynx lynx Linnaeus: Eurasian lynx Switzerland
90%
Lynx lynx Linnaeus: Eurasian lynx Turkey
90%
Lynx lynx Linnaeus: Eurasian lynx Ukraine
90%
Lynx rufus: BobcatLynx canadensis Kerr: Canadian lynx United States
90%
Lynx lynx Linnaeus: Eurasian lynx Afghanistan
80%
Lynx lynx Linnaeus: Eurasian lynx Albania
80%
Lynx lynx Linnaeus: Eurasian lynx Austria
80%
Lynx lynx Linnaeus: Eurasian lynx Bhutan
80%
Lynx lynx Linnaeus: Eurasian lynx Bosnia and Herzegovina
80%
Lynx lynx Linnaeus: Eurasian lynx Croatia
80%
Lynx lynx Linnaeus: Eurasian lynx Finland
80%
Lynx lynx Linnaeus: Eurasian lynx India
80%
Lynx lynx Linnaeus: Eurasian lynx Iran
80%
Lynx lynx Linnaeus: Eurasian lynx Kazakhstan
80%
Lynx lynx Linnaeus: Eurasian lynx Kyrgyzstan
80%
Lynx rufus: Bobcat Mexico
80%
Lynx lynx Linnaeus: Eurasian lynx Nepal
80%
Lynx lynx Linnaeus: Eurasian lynx Pakistan
80%
Lynx lynx Linnaeus: Eurasian lynx Sweden
80%
Lynx lynx Linnaeus: Eurasian lynx Tajikistan
80%
Lynx lynx Linnaeus: Eurasian lynx Turkmenistan
80%
Lynx lynx Linnaeus: Eurasian lynx Uzbekistan
80%
Lynx lynx Linnaeus: Eurasian lynx Norway
70%
Lynx lynx Linnaeus: Eurasian lynx North Macedonia
60%
No matching quizzes found
Score Distribution
Percent of People with Each Score
Percentile by Number Answered
Your Score History
You have not taken this quiz